00512nam a2200193Ia 450000500170000000800410001702000100005804000190006804100120008708200140009910000220011324500720013526000280020730000110023550400230024665000190026970000190028885000110030720240404140703.0131103s9999 xx 000 0 und d cRs.65 aLoreto College aEnglish a301 bBAN aBanerji, Kanailal aOn Teaching Economics and CivicscKanailal Banerji and Dipti Sanyal aKolkatabDasguptac2001 a144p.  aIncludes reference aSocial science aSanyal, Dipti  aLCBED